000
00327nam a2200133Ia 4500
100
_a
Dustin/Elfriede
942
_c
BK
654
_a
software
245
_a
Effective software testing: 50 specific ways to improve your testing
260
_b
Pearson Education
_c
2003
082
_a
5.14
_b
DUS
300
_a
271
546
_a
ENGLISH
999
_c
27876
_d
27876